=LDR 00000nam 2200000 4500 =001 INLIS000000000004982 =005 20130612093236 =008 ***********************************Ind** =035 ##$$0010-061300000004982 =041 ##$$a Ind =082 ##$$a 491.72 =090 ##$$a 491.72, Taj p =100 ##$$a TAJUDDIN, Moh =245 ##$$a Pengungkapan makna aspektualitas Bahasa Rusia dalam Bahasa Indonesia: Suatu telaah aspek aksionalitas / oleh Moh. Tajuddin. -- =260 ##$$a 1993 $b Jakarta : Pembinaan dan Pengembangan Bahasa =300 ##$$a xxiv, 274 hlm. ; 23 cm =650 ##$$a Bahasa Rusia - Semantik =850 ##$$a NBPNMAT